000 00313nam a22001337a 4500
008 180206b xxu||||| |||| 00| 0 eng d
020 _a398189001
041 _aeng
080 _a658
100 _a54
101 _aLID
245 _aDeveloping Organizations: Diagnosis and Actions
_cLorsch, L
942 _2udc
_cBK
999 _c41873
_d41873